[Event "Challenge"]
[Site "http://www.queenalice.com/game.php?id=611998"]
[Date "2009.7.1"]
[Round "-"]
[White "Safraider"]
[Black "peonaislado"]
[Result "0-1"]
[WhiteElo "1440"]
[BlackElo "1572"]

1. e4 e5 2. Nf3 Nc6 3. Nc3 Nf6 4. Bc4 Bc5 5. Qe2 O-O 6. O-O d6 7. d4 exd4 8. Nd5
Bg4 9. Qe1 Re8 10. Nxf6+ Qxf6 11. Bg5 Qg6 12. Qd2 Rxe4 13. Rae1 Bxf3 14. Bd5 Rg4
15. Bxf3 Rxg5 16. Bxc6 bxc6 17. b4 Rxg2+ 18. Kh1 d5 19. bxc5 Rg4 20. Rg1 f5 21.
f3 Rxg1+ 22. Rxg1 Qf6 23. a4 Rb8 24. Qa5 Rb7 25. Qa6 Rb2 26. Qc8+ Qf8 27. Qe6+
Qf7 28. Qxc6 Rxc2 29. Qa8+ Qf8 30. Qxd5+ Qf7 0-1

[Event "Challenge"]
[Site "http://www.queenalice.com/game.php?id=614756"]
[Date "2009.7.7"]
[Round "-"]
[White "Sanniel"]
[Black "Safraider"]
[Result "0-1"]
[WhiteElo "1096"]
[BlackElo "1449"]

1. b4 e5 2. g4 Bxb4 3. Ba3 Nc6 4. Bxb4 Nxb4 5. Nf3 Nc6 6. Bh3 d5 7. Nc3 e4 8.
Ng5 Nf6 9. Qb1 h6 10. Nf3 exf3 11. exf3 Qe7+ 12. Kd1 O-O 13. Bf1 a6 14. Qb3 Bd7
15. Qxb7 Ra7 16. Qb3 d4 17. Ne4 Re8 18. c3 Nxe4 19. fxe4 Qxe4 20. cxd4 Qe1+ 21.
Kc2 Qxa1 22. Rg1 Nxd4+ 23. Kd3 Nxb3 24. axb3 Bb5+ 25. Kc2 Re1 26. Bxb5 Qa2+ 0-1

[Event "WELCOME TO QUEEN ALICE"]
[Site "http://www.queenalice.com/game.php?id=614838"]
[Date "2009.7.7"]
[Round "-"]
[White "Safraider"]
[Black "H_express"]
[Result "0-1"]
[WhiteElo "1409"]
[BlackElo "1564"]

1. e4 c5 2. Nc3 e6 3. Bc4 Nc6 4. Nf3 Na5 5. Qe2 Nxc4 6. Qxc4 b6 7. d4 Bb7 8. Bf4
d5 9. exd5 exd5 10. Qe2+ Be7 11. dxc5 bxc5 12. b3 Nf6 13. Rd1 O-O 14. O-O d4 15.
a3 Bd6 16. Bxd6 Qxd6 17. Nb5 Qb8 18. Qc4 Bxf3 19. gxf3 Qb7 20. Rd3 Nd7 21. Re1
Qc6 22. Nxd4 Qc8 23. Nf5 Nb6 24. Ne7+ Kh8 25. Qb5 Qc7 26. Nd5 Nxd5 27. Rxd5 Rac8
28. c3 Rfd8 29. Rxd8+ Qxd8 30. b4 h6 31. bxc5 Qg5+ 32. Kf1 Rxc5 33. Re8+ Kh7 34.
Qd3+ g6 35. Qd4 Qc1+ 36. Kg2 Rg5+ 37. Kh3 Qf1+ 38. Kh4 Rh5+ 39. Kg3 Qg1+ 40. Kf4
Rh4+ 41. Ke5 Rxd4 42. Kxd4 Qd1+ 43. Kc5 Qxf3 44. c4 Qxf2+ 45. Kd6 Qf6+ 46. Kd7
Qf5+ 47. Ke7 Kg7 48. Rd8 Qe6# 0-1

[Event "Challenge"]
[Site "http://www.queenalice.com/game.php?id=621625"]
[Date "2009.7.19"]
[Round "-"]
[White "Safraider"]
[Black "hbaldin"]
[Result "1-0"]
[WhiteElo "1434"]
[BlackElo "1121"]

1. e4 e5 2. Nf3 Nf6 3. Nc3 Nc6 4. Bc4 Bc5 5. d3 d6 6. O-O O-O 7. Bg5 Bg4 8. d4
exd4 9. Nd5 Na5 10. Nxf6+ gxf6 11. Bh6 Nxc4 12. Bxf8 Kxf8 13. Qd3 Nxb2 14. Qb3
Nd1 15. Rfxd1 Kg8 16. Qxb7 Kh8 17. e5 fxe5 18. Qe4 Bh5 19. Rd3 d5 20. Qxe5+ Kg8
21. Qxh5 c6 22. Ne5 f6 23. Rg3+ Kh8 24. Nf7# 1-0

[Event "Challenge"]
[Site "http://www.queenalice.com/game.php?id=623196"]
[Date "2009.7.22"]
[Round "-"]
[White "montelo"]
[Black "Safraider"]
[Result "1-0"]
[WhiteElo "1737"]
[BlackElo "1433"]

1. e4 e5 2. Qh5 Nf6 3. Qxe5+ Be7 4. Nc3 d6 5. Qg3 Nc6 6. Qxg7 Kd7 7. d3 Rg8 8.
Qh6 Rg6 9. Qh4 Qe8 10. Bg5 Kd8 11. Bxf6 Bxf6 12. Qxh7 1-0

[Event "Challenge"]
[Site "http://www.queenalice.com/game.php?id=623197"]
[Date "2009.7.22"]
[Round "-"]
[White "Safraider"]
[Black "montelo"]
[Result "0-1"]
[WhiteElo "1485"]
[BlackElo "1731"]

1. e4 e5 2. Nf3 Qf6 3. Nc3 Bc5 4. d3 h6 5. Qe2 g5 6. Nd5 Qd6 7. Be3 Na6 8. g3
Qc6 9. Nxe5 Qd6 10. Bh3 Qxe5 0-1

[Event "Challenge"]
[Site "http://www.queenalice.com/game.php?id=631141"]
[Date "2009.8.5"]
[Round "-"]
[White "montelo"]
[Black "Safraider"]
[Result "1-0"]
[WhiteElo "1810"]
[BlackElo "1426"]

1. e4 e5 2. Qh5 Nc6 3. Bb5 Nf6 4. Qf3 Nd4 5. Qd3 Nxb5 6. Qxb5 c6 7. Qxe5+ Be7 8.
d3 d6 9. Qg3 d5 10. Qxg7 Rg8 11. Qh6 dxe4 12. dxe4 Nxe4 13. Qxh7 Nf6 14. Qh6
Qa5+ 15. Nd2 Qe5+ 16. Ne2 b6 17. Nc4 Qc5 18. Ne3 Rg6 19. Qf4 1-0

[Event "Challenge"]
[Site "http://www.queenalice.com/game.php?id=631142"]
[Date "2009.8.5"]
[Round "-"]
[White "Safraider"]
[Black "montelo"]
[Result "0-1"]
[WhiteElo "1425"]
[BlackElo "1816"]

1. e4 e5 2. Nf3 Nc6 3. Nc3 Nf6 4. d4 exd4 5. Nxd4 Bb4 6. Bd2 Nxd4 7. e5 Bxc3 8.
Bxc3 Nxc2+ 9. Qxc2 Qe7 10. Be2 Nd5 11. O-O Nxc3 12. Qxc3 d6 13. Rfe1 dxe5 14.
Rad1 O-O 15. Bc4 Be6 16. Rxe5 Rfe8 0-1

[Event "Challenge"]
[Site "http://www.queenalice.com/game.php?id=631267"]
[Date "2009.8.5"]
[Round "-"]
[White "jeancnet"]
[Black "Safraider"]
[Result "0-1"]
[WhiteElo "1326"]
[BlackElo "1393"]

1. e4 e5 2. Qf3 Nf6 3. Nc3 Bc5 4. Bc4 d6 5. Nd5 Be6 6. Qxf6 gxf6 7. Ne3 Bxe3 8.
dxe3 Bxc4 9. b3 Ba6 10. Nf3 c5 11. Bd2 Nc6 12. Nh4 Nb4 13. c3 Nc2+ 14. Kd1 Nxa1
15. Kc1 Qa5 16. Kb2 Nc2 17. Kxc2 Qxa2+ 18. Kd1 Qxb3+ 19. Kc1 Bd3 20. Be1 Qc2#
0-1

[Event "Challenge"]
[Site "http://www.queenalice.com/game.php?id=631533"]
[Date "2009.8.6"]
[Round "-"]
[White "jeancnet"]
[Black "Safraider"]
[Result "1-0"]
[WhiteElo "1299"]
[BlackElo "1455"]

1. e4 e5 2. Bc4 Nf6 3. Qe2 Nc6 4. g4 Bc5 5. g5 Ng8 6. Qf3 Qxg5 7. Qxf7+ Kd8 8.
d4 Qxc1+ 9. Ke2 Qxc2+ 10. Kf1 Qxb2 11. dxc5 Nh6 12. Qf6+ Ne7 13. Qxg7 Rg8 14.
Bxg8 Nhxg8 15. Qf8# 1-0

[Event "Challenge"]
[Site "http://www.queenalice.com/game.php?id=633034"]
[Date "2009.8.8"]
[Round "-"]
[White "mamutao"]
[Black "Safraider"]
[Result "1-0"]
[WhiteElo "1598"]
[BlackElo "1452"]

1. e4 e5 2. f4 Nc6 3. Nf3 d6 4. Bc4 Nf6 5. O-O Bg4 6. c3 exf4 7. d4 Nxe4 8. Qb3
Na5 9. Bxf7+ Ke7 10. Qd5 Nxc3 11. Nxc3 Nc6 12. Re1+ Kd7 13. Be6+ Bxe6 14. Qxe6#
1-0

[Event "JOGO BR"]
[Site "http://www.queenalice.com/game.php?id=634796"]
[Date "2009.8.12"]
[Round "-"]
[White "eduxarapov"]
[Black "Safraider"]
[Result "1-0"]
[WhiteElo "1597"]
[BlackElo "1425"]

1. Nf3 d5 2. d4 Nc6 3. e3 Nf6 4. Bd2 Bf5 5. Qe2 e6 6. Nc3 Bb4 7. O-O-O O-O 8.
Qb5 a6 9. Qxb7 Qd6 10. Bxa6 Rfe8 11. Nb5 Qd7 12. Nxc7 Ra7 13. Ne5 Bxd2+ 14. Rxd2
Qxc7 15. Qxc7 Rxc7 16. Bb5 1-0